000 00678nam a22002537a 4500
001 36598
003 UA-OsUOA
005 20191216145623.0
007 ta
008 20060203b un ||||| |||| 00| 0 ukr d
020 _a966-578-112-Х
040 _aUA-OsUOA
_bukr
_cUA-OsUOA
_dUA-OsUOA
041 _aukr
080 _a821.161.2
090 _a821.161.2
_bТ16
100 _aТалалай Л.М.
245 _aВибране
260 _aК.
_bДніпро
_c2004
300 _a448 с.
650 7 _a82 Література. Літературознавство
_2UDC
942 _cBK
_2udc
955 _a3
999 _c322833
_d322833